| 000 | 00807cam a22002777a 4500 | ||
|---|---|---|---|
| 999 |
_c1058 _d1058 |
||
| 001 | 4993561 | ||
| 003 | GZU | ||
| 005 | 20200922112040.0 | ||
| 008 | 981210s1998 rh 000 0 sna | ||
| 010 | _a 98982412 | ||
| 020 | _a086922719X | ||
| 040 |
_aDLC _cDLC _dDLC |
||
| 042 | _alcode | ||
| 050 | 0 | 0 |
_aPL 8681 _bCHI 1998 |
| 100 | 1 | _aChiwome, Emmanuel. | |
| 245 | 1 | 0 |
_aMasango mavi / _c[E.M. Chiwome]. |
| 246 | 1 |
_iParallel title on t.p. verso: _aHostile jungle |
|
| 260 |
_aGweru, Zimbabwe : _bMambo Press, _c1998. |
||
| 300 |
_a103 p. ; _c21 cm. |
||
| 440 | 0 |
_aMambo writers series. _pShona section ; _vv. 34 |
|
| 500 | _aShort stories. | ||
| 546 | _aIn Shona. | ||
| 906 |
_a7 _bcbc _corigode _du _encip _f19 _gy-gencatlg |
||
| 942 |
_2lcc _cBK _h8681 _iCHI _kPL |
||